000 00728cam a2200217 a 4500
001 1617952
005 20250730152830.0
008 951102s1996 kyu bd 000 0 eng
020 _a0664220584
_qacid-free paper
020 _a9780664220587
_q(acid-free paper)
050 0 0 _aBT83.55
_b.D53 1996
082 0 0 _a230/.082
_220
245 0 0 _aDictionary of feminist theologies /
_cedited by Letty M. Russell and J. Shannon Clarkson.
250 _a1st ed.
260 _aLouisville, Ky. :
_bWestminster John Knox Press,
_cc1996.
300 _axxix, 351 p. ;
_c24 cm.
650 0 _aFeminist theology
_xDictionaries.
700 1 _aRussell, Letty M.
700 1 _aClarkson, J. Shannon
_q(Jeanette Shannon),
_d1944-
942 _2lcc
_cREF
_n0
999 _c7215
_d7215